00368nam a2200157Ia 4500008004000000041000800040082001100048100002200059245002500081260005400106300001300160650001100173650001000184650000700194650000900201210210b1940 xxu||||| |||| 00| 0 eng d aeng a520/94 aJONES (H Spencer) aLife on other worlds aLondonbThe English Universities Press Ltd.c1940 aviii,259 aworlds aother aon aLife